000 00811nam a2200241Ia 4500
005 20231003142453.0
008 210716s2004 xx 000 0 und d
020 _a9788177589993
040 _cAIMIT LIBRARY
041 _aeng
082 _a658.8342
_29
_bSCHL
100 _aSchiffman, Leon G
_9134372
245 _aConsumer behavior /
_cBy Leon G Schiffman and Leslie Lazar Kanuk
250 _a9th ed.
260 _aNew Delhi :
_bPearson Education,
_c2004.
300 _axxii,581p,
_bPB :
_c25.5 cm
650 _aConsumer Behavior
_9134373
650 _aConsumer as an Individual
_9134374
650 _aConsumer in their Social and Cultural Settings
_9134375
650 _aThe Consumer Decision Making Process
_9134376
700 _aKanuk, Leslie Lazar.
_9134377
942 _2ddc
_cBK
_e9th
_k658.8342 SCHL
999 _c204047
_d204047